000 00463nam a2200169Ia 4500
999 _c233
_d233
003 OSt
005 20210916134504.0
008 190216s9999||||xx |||||||||||||| ||und||
040 _coclc
082 _a297
_bKIT/B
100 _aCharity And Hajj Duties Of The Community
_98639
245 4 _aThe Book Of Islam /
260 _bKitab Bhavan,
_c1977.
_aNew Delhi:
300 _a64p
650 _aArabic
942 _cBK
_2ddc
_h297
_iKIT/B
_k297
_mKIT/B